000 00718nam a22001937a 4500
005 20250117120926.0
008 250117b |||||||| |||| 00| 0 eng d
020 _a9780443102103
050 _aQR46
_b.M35
245 _aMedical Microbiology/
_ba guide to microbial infections: pathogenesis, immunity, laboratory diagnosis and control.
_cedited by David Greenwood, Richard Slack, John Peutherer, Mike Barer
250 _a17th ed.
_binternational edition
260 _aEdinburgh
_bChurchill Livingstone Elsevier
_c2007
300 _axiv. 738p.
_bill. some color
_c24.5cm
700 _aGreenwood, David
700 _aSlack, Richard
700 _aPeutherer, John
700 _aBarer, Mike
942 _2lcc
_cBK
_e17th ed.
_n0
999 _c2619
_d2619